Punjabis, war and women : (Record no. 213921)
[ view plain ]
| 000 -LEADER | |
|---|---|
| fixed length control field | 01207nam a2200349 a 4500 |
| 001 - CONTROL NUMBER | |
| control field | vtls000209784 |
| 003 - CONTROL NUMBER IDENTIFIER | |
| control field | NLI |
| 005 - DATE AND TIME OF LATEST TRANSACTION | |
| control field | 20210602115909.0 |
| 008 - FIXED-LENGTH DATA ELEMENTS--GENERAL INFORMATION | |
| fixed length control field | 101126s1983 ii 000 1 eng |
| 020 ## - INTERNATIONAL STANDARD BOOK NUMBER | |
| Terms of availability | Rs. 75.00 |
| 039 #9 - LEVEL OF BIBLIOGRAPHIC CONTROL AND CODING DETAIL [OBSOLETE] | |
| -- | 201011260038 |
| -- | VLOAD |
| 040 0# - CATALOGING SOURCE | |
| Original cataloging agency | NLI |
| Language of cataloging | eng |
| Transcribing agency | VERGIS-2010 |
| Description conventions | AACR2 |
| 041 1# - LANGUAGE CODE | |
| Language code of text/sound track or separate title | eng |
| Language code of original | pan |
| 044 ## - COUNTRY OF PUBLISHING/PRODUCING ENTITY CODE | |
| MARC country code | ii |
| 082 04 - DEWEY DECIMAL CLASSIFICATION NUMBER | |
| Classification number | 891.43 |
| 100 0# - MAIN ENTRY--PERSONAL NAME | |
| Personal name | Gulzar Singh Sandhu, |
| Dates associated with a name | 1934- |
| 9 (RLIN) | 393321 |
| 245 00 - TITLE STATEMENT | |
| Title | Punjabis, war and women : |
| Remainder of title | the short stories of Gulzar Singh Sandhu / |
| Statement of responsibility, etc. | edited by Marcus Franda |
| 260 ## - PUBLICATION, DISTRIBUTION, ETC. | |
| Place of publication, distribution, etc. | New Delhi : |
| Name of publisher, distributor, etc. | Heritage Publishers, |
| Date of publication, distribution, etc. | 1983 |
| 300 ## - PHYSICAL DESCRIPTION | |
| Extent | 111 p. ; |
| Dimensions | 22 cm. |
| 500 ## - GENERAL NOTE | |
| General note | Translated from Panjabi |
| 600 00 - SUBJECT ADDED ENTRY--PERSONAL NAME | |
| Personal name | Gulazara Singh Sandhu |
| Dates associated with a name | 1934- |
| 9 (RLIN) | 393322 |
| 650 #0 - SUBJECT ADDED ENTRY--TOPICAL TERM | |
| Topical term or geographic name entry element | Short stories, Panjabi |
| General subdivision | Translations into English |
| 9 (RLIN) | 392714 |
| 651 #0 - SUBJECT ADDED ENTRY--GEOGRAPHIC NAME | |
| Geographic name | India |
| General subdivision | Social life and customs |
| -- | Fiction |
| 9 (RLIN) | 296862 |
| 700 1# - ADDED ENTRY--PERSONAL NAME | |
| Personal name | Franda, Marcus, |
| Relationship | edt |
| 9 (RLIN) | 332700 |
| 887 ## - NON-MARC INFORMATION FIELD | |
| Content of non-MARC field | |
| 901 ## - LOCAL DATA ELEMENT A, LDA (RLIN) | |
| a | DB43357 |
| b | 25.3.1983 |
| 902 ## - LOCAL DATA ELEMENT B, LDB (RLIN) | |
| a | E 891.43 G 952 |
| 949 ## - LOCAL PROCESSING INFORMATION (OCLC) | |
| -- | VIRTUAITEM |
| -- | 10000 |
| -- | 100 |
| 6 | DBA000043357ENG |
| 942 ## - ADDED ENTRY ELEMENTS (KOHA) | |
| Source of classification or shelving scheme | Dewey Decimal Classification |
| Koha item type | Books |
| 991 ## - | |
| -- | 19.3.10 |
| Withdrawn status | Lost status | Damaged status | Not for loan | Collection code | Home library | Current library | Shelving location | Date acquired | Total Checkouts | Full call number | Barcode | Date last seen | Price effective from | Koha item type |
|---|---|---|---|---|---|---|---|---|---|---|---|---|---|---|
| New English | National Library of India | National Library of India | New English - Main Stack Division | E 891.43 G 952 | DBA000043357ENG | 02/06/2021 | 02/06/2021 | Books |
